header

The law and ecology of pesticides and pest management (Record no. 152077)

MARC details
000 -LEADER
fixed length control field 02109nam a2200349 a 4500
082 04 - DEWEY DECIMAL CLASSIFICATION NUMBER
Classification number 344.7304/6334
100 1# - MAIN ENTRY--AUTHOR NAME
Personal name Angelo, Mary Jane.
245 14 - TITLE STATEMENT
Title The law and ecology of pesticides and pest management
260 ## - PUBLICATION, DISTRIBUTION, ETC. (IMPRINT)
Place of publication Farnham, Surrey :
Name of publisher Ashgate,
Year of publication 2013.
300 ## - PHYSICAL DESCRIPTION
Number of Pages xxxi, 330 p. :
Other physical details ill.
505 0# - FORMATTED CONTENTS NOTE
Formatted contents note Ecological science -- Ecologically-related management tools -- The ecology of pests -- The agricultural revolution and farm policy -- The history of the control of pests -- The ecological impacts of pesticide use -- The legacy of past pesticide use: one example -- The evolution of domestic law : FIFRA -- Other domestic laws that address the ecological impacts of pesticides -- The special case of genetically modified crops -- The failure of U.S. law to address the ecological considerations of pesticide use -- The conflict between pesticide law and wildlife protection law -- International perspectives on pesticide law and ecology -- Ecologically-based pest management -- Legal and policy proposals to achieve ecologically-based pest management.
650 #0 - SUBJECT ADDED ENTRY--TOPICAL TERM
Topical Term Pesticides
Topical Term Insect pests
856 40 - ELECTRONIC LOCATION AND ACCESS
Uniform Resource Identifier http://site.ebrary.com/lib/rucke/Doc?id=10727494

No items available.

© 2026 Rongo University
Contact us: librarian | system librarian | Rongo university